[Event "AUTO-ADV-4904"]
[Site "http://www.queenalice.com/game.php?id=1865726"]
[Date "2025.11.18"]
[Round "1"]
[White "Castling"]
[Black "WHUSIRO"]
[Result "0-1"]
[WhiteElo "1741"]
[BlackElo "1908"]

1. e4 c5 2. Bc4 d6 3. Nf3 Nf6 4. h3 Nc6 5. Nc3 e6 6. d3 Be7 7. a3 h6 8. Qe2 a6
9. Be3 b5 10. Ba2 Bb7 11. O-O O-O 12. Nh2 Nd4 13. Bxd4 cxd4 14. Nd1 Rc8 15. c4
dxc3 16. bxc3 e5 17. Ne3 g6 18. Rfc1 Kg7 19. Nhg4 h5 20. Nxf6 Bxf6 21. Nd5 Bg5
22. Rc2 Bxd5 23. Bxd5 Qe7 24. c4 bxc4 25. Bxc4 a5 26. Bd5 Qa7 27. Rxc8 Rxc8 28.
Rb1 Rc1+ 29. Rxc1 Bxc1 30. Qa2 f6 31. Kh2 Qd4 32. Bg8 Qa7 33. Qc4 Bxa3 34. Qe6
Bc5 35. Qf7+ Qxf7 36. Bxf7 Kxf7 0-1

[Event "AUTO-ADV-4904"]
[Site "http://www.queenalice.com/game.php?id=1865727"]
[Date "2025.11.18"]
[Round "1"]
[White "WHUSIRO"]
[Black "Castling"]
[Result "1-0"]
[WhiteElo "1936"]
[BlackElo "1709"]

1. e4 e5 2. Nf3 d6 3. h3 h6 4. Bc4 Nf6 5. d3 Nc6 6. Nc3 a6 7. a3 Qe7 8. Nd5 Be6
9. Be3 Nd7 10. Nxe7 Bxe7 11. c3 Bxc4 12. dxc4 Nc5 13. Bxc5 dxc5 14. O-O Rd8 15.
Qc2 Bd6 16. Rad1 O-O 17. b4 Rfe8 18. Rd2 a5 19. b5 Na7 20. Rfd1 b6 21. a4 Nc8
22. Nh4 g6 23. g4 g5 24. Nf5 Kh7 25. Rd3 Re6 26. Rd5 Kg6 27. Qd2 f6 28. h4 Rd7
29. Qe3 Ne7 30. Nxe7+ Rdxe7 31. h5+ Kf7 32. Qf3 Kg7 33. Qf5 Kh8 34. Qg6 Rh7 35.
R1d3 Rg7 36. Qf5 Rge7 37. Rf3 Kg7 38. Qg6+ Kf8 39. Qxh6+ Ke8 40. Rxf6 Rxf6 41.
Qxf6 Kd7 42. Qxg5 1-0

[Event "AUTO-ADV-4904"]
[Site "http://www.queenalice.com/game.php?id=1865746"]
[Date "2025.11.18"]
[Round "1"]
[White "WHUSIRO"]
[Black "Pin"]
[Result "1-0"]
[WhiteElo "1917"]
[BlackElo "2001"]

1. e4 d5 2. exd5 Qxd5 3. Nc3 Qd8 4. Bc4 Nf6 5. h3 e6 6. d3 Be7 7. Nge2 O-O 8.
O-O c6 9. Re1 Nbd7 10. a4 Qc7 11. Bf4 e5 12. Bh2 Bd6 13. Ne4 Nxe4 14. dxe4 Nb6
15. Bb3 a5 16. c4 Nd7 17. Nc1 Bb4 18. Rf1 Nc5 19. Bc2 Be6 20. b3 Rad8 21. Qe2 f6
22. f4 Bc3 23. Rb1 exf4 24. Bxf4 Be5 25. Be3 Bh2+ 26. Kh1 Bd6 27. Qf2 Bf7 28.
Bxc5 Bxc5 29. Qxc5 Qg3 30. Ne2 Qh4 31. Qe3 b5 32. axb5 cxb5 33. cxb5 Rfe8 34.
Nc3 Re5 35. Rbd1 Rde8 36. Qf4 Qh5 37. Kh2 Rc5 38. Rd3 Rec8 39. Bd1 Qg6 40. Rff3
Bxb3 41. Bxb3+ Kh8 42. b6 1-0

[Event "AUTO-ADV-4904"]
[Site "http://www.queenalice.com/game.php?id=1865747"]
[Date "2025.11.18"]
[Round "1"]
[White "Pin"]
[Black "WHUSIRO"]
[Result "1-0"]
[WhiteElo "1994"]
[BlackElo "1882"]

1. e4 c5 2. Nf3 d6 3. d4 cxd4 4. Qxd4 Nc6 5. Bb5 Bd7 6. Bxc6 Bxc6 7. Nc3 Nf6 8.
Bg5 e5 9. Qd3 Be7 10. O-O-O h6 11. Bxf6 gxf6 12. Nh4 Bd7 13. Nd5 Rc8 14. Kb1 Be6
15. Nf5 Bxf5 16. exf5 Rg8 17. g3 a6 18. Qd2 Bf8 19. Rhe1 Bg7 20. f4 b5 21. g4
Kf8 22. h4 Bh8 23. Qb4 Rc6 24. Qe4 Qd7 25. fxe5 fxe5 26. Qe3 Bg7 27. f6 Bh8 28.
g5 hxg5 29. hxg5 Qc8 30. Ne7 1-0